000 02128cam a22005294i 4500
003 PE-LiUPU
005 20250731180124.0
008 150623s r 000 0 d
020 _a8479783826
035 _a(Sirsi) i9788479783822
040 _aPE-LiUPU
_bspa
_cPE-LiUPU
_erda
049 _aPRUA
082 0 4 _a546.22
_bR74
_221
100 1 _aRodríguez Mellado, José Miguel,
_eautor.
245 1 0 _aFisicoquímica de aguas /
_cJosé Miguel Rodríguez Mellado.
264 1 _aMadrid, España :
_bEdiciones Díaz de Santos,
_c1999.
300 _a466 páginas :
_bilustraciones, gráficos diagrámas ;
_c24 centímetros
336 _atext
_2rdacontent
337 _aunmediated
_2rdamedia
338 _avolume
_2rdacarrier
504 _aIncluye bibliografía.
505 0 _aPropiedades del agua. Principio de conservación de la masa en aguas. Equilirio químico y energía. Cinética química. Ácidos y bases: alcalinidad y pH. Disolución y precipitación en sistemas acuosos. Adquisición y control de la alcalinidad en las aguas. Complejación. Oxidación -Reducción. Reacciones sobre superficies sólidas. Fotoquímica y regulación de elementos traza en aguas naturales. Problemas y cuestiones. Prácticas.
526 _aSEG44
526 _aSEG26
526 _aP159
526 _aP155
526 _aP154
526 _aP153
526 _aP150
526 _aP100
526 _aP31
526 _aP30
526 _aP26
526 _aP25
526 _aP24
526 _aP22
526 _aP15
526 _aP10
650 0 4 _aCinética química.
_94837
650 0 4 _aQuímica del agua.
942 _2ddc
_cBOOK
949 _a546.22 R74
_wDEWEY
_c1
_i53329
_d2016-4-15
_e2016-4-13
_lCCODEBUL1
_mBUL
_n3
_p72.00
_r0
_sY
_tBOOK
_u2015-6-24
_xINGENIERIA
_zUNKNOWN
_0COMPRA
_o.STAFF. Colección General
994 _aC0
_bPEPRU
596 _a1
999 _a546.22 R74
_wDEWEY
_c35293
_i53329
_d35293
_e2016-4-13
_f2021-11-5
_g7
_lCCODEBUL1
_mBUL
_n3
_p72.00
_q2
_r0
_sN
_tBOOK
_u2015-6-24
_xBIBLIOTECA
_zUNKNOWN
_0COMPRA
_o.STAFF. Colección General
980 _81
_gALBERTO SANCHEZ Responsable de Automatización